000 014950000a22003490004500
003 EG-GICUC
005 20250223025105.0
008 071211s2007 ua d f m 000 0 eng d
040 _aEG-GICUC
_beng
_cEG-GICUC
041 0 _aEng
049 _aDeposite
097 _aM.Sc
099 _aCai01.12.05.M.Sc.2007.En.E
100 0 _aEnas Mohamed Ali
245 1 0 _aEvaluation of Ozone as a microbial disinfecting agent for dried herbs and spices /
_cEnas Mohamed Ali ; Supervised Mohamed I.Ali , Neveen S.Geweely
246 1 5 _aتقييم الاوزون كعامل مثبط لنمو الميكروبات الملوثة الاعشاب الجافة و التوابل
260 _aCairo :
_bEnas Mohamed Ali ,
_c2007
300 _a146P. :
_bcharts ;
_c30cm
502 _aThesis (M.Sc.) - Cairo University - Faculty Of Science - Department Of Botany (Microbiology)
520 _aOzone is know to act as strong antimicrobial agent against bacteria fungi and viruses.It is a powerful oxidant that that has numerous beneficial applications.All of the powdered materials are contaminated with varying loads of bacteria
530 _aصدر ايضا كقرص مدمج
530 _aIssued also as CD
653 4 _aFungi
653 4 _aHerbs
653 4 _aOzone
700 0 _aMohamed Ibrahim Ali ,
_eSupervisor
700 0 _aNeveen Saleh Geweely ,
_eSupervisor
856 _uhttp://172.23.153.220/th.pdf
905 _aEsam
_eRevisor
905 _aNazla
_eCataloger
942 _2ddc
_cTH
999 _c5408
_d5408